Smalltown Boy - Bronski Beat - All Lyrics - Statistics

General Stats
  • This quiz has been taken 51 times
  • The average score is 243 of 342
Answer Stats
Answer % Correct
a
90%
You
90%
you
90%
the
86%
The
86%
boy
81%
boy,
81%
on
81%
To
81%
to
81%
(To
81%
away,
76%
away
76%
Cry
76%
cry
76%
(Cry)
76%
Cry,
76%
cry,
76%
in
76%
never
76%
Run
76%
run
76%
that
76%
and
71%
And
71%
leave
71%
one
71%
turn
71%
your
71%
Alone
67%
black
67%
face
67%
had
67%
little
67%
lonely
67%
morning
67%
around
62%
around,
62%
at
62%
case
62%
home
62%
kicked
62%
sad
62%
soul
62%
soul,
62%
soul)
62%
they
62%
with
62%
be
57%
down
57%
everything
57%
love
57%
need
57%
No,
57%
own
57%
Pushed
57%
talk
57%
were
57%
wind
57%
found
52%
platform,
52%
put
52%
rain
52%
understand
52%
why
52%
will
52%
about
48%
always
48%
answers
48%
But
48%
cried
48%
just
48%
make
48%
town
48%
as
43%
Mother
43%
seek
43%
them,
43%
would
43%
(Crying
38%
crying
38%
hard
38%
they'd
38%
try
33%
hurt
24%
No matching quizzes found
Score Distribution
Percent of People with Each Score
Percentile by Number Answered
Your Score History
You have not taken this quiz